000 00954nam a2200229Ia 4500
001 9540
003 GE_BSU
008 181216s||||||||xx |||||||||||||| ||und||
040 _cGE_BSU
080 _a82-93
100 _aმეგრელიძე,ლიდია
245 _aალიონის ვარსკვლავები
245 _bსაბავშვო ლექსები და მოთხრობები,ქრონიკები
245 _cრედ.ნ.ლორთქიფანიძე.მხატვ.ვ.გიორგობიანი
260 _aთბილისი
260 _bნაკადული
260 _c1968
300 _a298გვ.1ფ.პორტრ.20სმ.
653 _aალიონის ვარსკვლავები
653 _aსაბავშვო ლექსები და მოთხრობები,ქრონიკები
942 _cBK
999 _c42834
_d42834